000 00569nam a2200229 a 4500
999 _c5039
_d5039
001 5039
003 BD-JhCC
005 20171207123902.0
008 171207s19601962e a|||| || | 000 0 eng d
035 _a(BD-JhCC)5039
040 _aBD-JhCC
_dBD-JhCC
041 _aeng
082 _a551.48
_bHAG 1962
100 _a Hagaman, Adaline P.
245 _aWhat is Water /
_cAdaline, P. Hagaman
250 _a2nd Ed.
260 _aLondon :
_bLondon Collins Glasgow,
_c1962.
300 _a47 p. :
_bill. ;
_c20 cm.
650 _aWater
942 _2ddc
_cBK